[Event "Extraliga CZE"]
[Site "Ostrava CZE"]
[Date "1999.12.18"]
[Round "5"]
[White "Subrt,J"]
[Black "Orsag,Mil"]
[Result "0-1"]
[WhiteElo "2202"]
[BlackElo "2407"]

1.d4 Nf6 2.Nf3 e6 3.c4 Bb4+ 4.Bd2 Qe7 5.Nc3 Bxc3 6.Bxc3 Ne4 7.Rc1 O-O 8.e3 b6
9.Bd3 Bb7 10.O-O d6 11.b4 Nd7 12.Bb2 f5 13.d5 e5 14.Qc2 Ndf6 15.Ne1 g6 16.f3 Ng5
17.f4 Nf7 18.Qc3 b5 19.Nf3 Rfe8 20.Rfd1 Rac8 21.fxe5 dxe5 22.Bc2 Rcd8 23.d6 cxd6
24.cxb5 Rc8 25.Qe1 Bd5 26.Rxd5 Nxd5 27.Bb3 Nb6 28.Rc6 Kg7 29.a4 Nd8 30.Rxc8 Nxc8
31.Qc3 Qb7 32.a5 Nf7 33.Qc4 Rd8 34.b6 axb6 35.a6 Qd7 36.b5 Na7 37.Qd5 Nxb5
38.Bc4 Nc7 39.Qb7 b5 40.Bxf7 Kxf7 41.Bxe5 Qc8 42.Bxd6 Qxb7 43.axb7 Na6 44.Bf4 Ke6
45.Nd4+ Kd5 46.Nxb5 Kc6 47.Nd4+ Kxb7 48.Kf2 Nc5 49.Kf3 Re8 50.g4 fxg4+ 51.Kxg4 Ne6
52.Nf3 Kc6 53.Bh6 Kd5 54.h4 Ra8 55.h5 gxh5+ 56.Kxh5 Rg8 57.Nd2 Rg2 58.e4+ Kd4
59.Nf3+ Kxe4 60.Nh4 Rg1 61.Bd2 Rd1 62.Bc3 Nf4+ 63.Kh6 Rh1 64.Bf6 Ng2  0-1

[Event "Vikings Masters"]
[Site "York ENG"]
[Date "1999.12.18"]
[Round "6"]
[White "Bates,Ri"]
[Black "Cooper,L"]
[Result "1-0"]
[WhiteElo "2376"]
[BlackElo "2350"]

1.d4 Nf6 2.Nf3 e6 3.c4 Bb4+ 4.Bd2 Qe7 5.g3 Nc6 6.Bg2 Bxd2+ 7.Nbxd2 d6 8.O-O O-O
9.e4 e5 10.d5 Nb8 11.Ne1 a5 12.Nd3 Na6 13.f4 Nc5 14.Nxc5 dxc5 15.h3 Ne8 16.Qh5 Nf6
17.Qf3 Ne8 18.Qh5 Nf6 19.Qf3 Nd7 20.Qc3 f6 21.Rae1 Re8 22.Nf3 Nb6 23.Re2 Bd7
24.Ne1 Na4 25.Qc2 Nb6 26.Nd3 Nc8 27.Qc3 Qd6 28.fxe5 fxe5 29.Ref2 Nb6 30.b3 a4
31.Qc1 axb3 32.axb3 Qe7 33.Qe3 Qd6 34.Qxc5 Ra3 35.Qe3 Rxb3 36.c5 Nc4 37.Qg5 h6
38.cxd6 hxg5 39.Nc5 Rxg3 40.Nxd7 cxd6 41.Rf8+ Rxf8 42.Rxf8+ Kh7 43.Rf3 Rxf3
44.Bxf3 b5 45.Be2 Na3 46.Nxe5  1-0

[Event "Young Masters"]
[Site "Groningen NED"]
[Date "1999.12.19"]
[Round "1"]
[White "Gyimesi,Z"]
[Black "Hellmayr,A"]
[Result "1-0"]
[WhiteElo "2531"]
[BlackElo "2251"]

1.d4 Nf6 2.c4 e6 3.Nf3 Bb4+ 4.Bd2 Bxd2+ 5.Qxd2 b6 6.g3 Ba6 7.Qc2 Bb7 8.Bg2 d6
9.Nc3 Nbd7 10.O-O O-O 11.Rad1 Bxf3 12.Bxf3 Rb8 13.Nb5 a5 14.Bg2 e5 15.e3 Kh8
16.h3 Ng8 17.dxe5 Nxe5 18.f4 Ng6 19.e4 Qe7 20.Kh2 Rfe8 21.Rfe1 f6 22.Bf3 Nf8
23.Bg4 Qf7 24.Qd3 Nh6 25.Bf3 Ng8 26.Qd5 Re7 27.Nd4 Rbe8 28.Nc6 Qxd5 29.cxd5 Rf7
30.Bg4 g6 31.a3 Rg7 32.b4 axb4 33.axb4 h5 34.Bf3 Kh7 35.Ra1 Kh6 36.Nd4 Ree7
37.Ra8 Ref7 38.g4 h4 39.Rc1 Kh7 40.Be2 Nh6 41.Ba6 g5 42.f5 Nd7 43.Ne6 Rg8
44.Rxg8 Kxg8 45.Nxc7 Nb8 46.Bc8 Re7 47.Be6+ Kg7 48.Nb5 Nf7 49.Ra1 Ne5 50.Ra8 Nbd7
51.Nxd6 b5 52.Ne8+ Kh6 53.d6 Rh7 54.Ra7 Rh8 55.Bxd7 Nxd7 56.Rxd7 Rxe8 57.Re7 Ra8
58.e5 fxe5 59.d7 Ra2+ 60.Kg1 Rd2 61.f6  1-0

[Event "Young Masters"]
[Site "Groningen NED"]
[Date "1999.12.21"]
[Round "3"]
[White "Gyimesi,Z"]
[Black "Friedman,A"]
[Result "1/2-1/2"]
[WhiteElo "2531"]
[BlackElo "2332"]

1.d4 e6 2.c4 Nf6 3.Nf3 Bb4+ 4.Bd2 Qe7 5.g3 Nc6 6.Nc3 O-O 7.Bg2 Bxc3 8.Bxc3 Ne4
9.Qc2 Nxc3 10.Qxc3 d6 11.O-O e5 12.d5 Nb8 13.e4 Bg4 14.Nd2 a5 15.b3 Nd7 16.f3 Bh5
17.Bh3 Bg6 18.f4 exf4 19.Bxd7 Qxd7 20.gxf4 f6 21.Kh1 b6 22.Rg1 Rae8 23.f5 Bh5
24.Qh3 Qf7 25.Rg3 Re7 26.Rag1 Qe8 27.Nf3 Bxf3+ 28.Rxf3 Rxe4 29.Qh6 Rf7 30.Rh3 Kf8
31.Qxh7 Ke7 32.Rhg3 Kd8 33.Rxg7 Re2 34.Qg8 Rf8 35.Qxf8 Qxf8 36.Rg8 Ke8 37.Rxf8+ Kxf8
38.Rg2 Re1+ 39.Rg1 Re2 40.a4 Rf2  1/2-1/2

[Event "Weihnachtsopen"]
[Site "Zurich SUI"]
[Date "1999.12.26"]
[Round "1"]
[White "Cvitan,O"]
[Black "Leutwyler,M"]
[Result "1-0"]
[WhiteElo "2511"]
[BlackElo "2157"]

1.d4 Nf6 2.Nf3 e6 3.c4 Bb4+ 4.Bd2 Qe7 5.g3 Nc6 6.Nc3 Bxc3 7.Bxc3 Ne4 8.Rc1 O-O
9.Bg2 d6 10.d5 Nd8 11.dxe6 Nxe6 12.O-O f5 13.e3 a5 14.Be1 Bd7 15.Nd4 N6c5
16.b3 b6 17.a3 Rae8 18.b4 axb4 19.axb4 Ba4 20.Qe2 Nb3 21.Nxb3 Bxb3 22.Qb2 Ba4
23.b5 Qf7 24.Bb4 Re5 25.Ra1 c5 26.bxc6 Ra8 27.Bxd6 Re6 28.c7 Rxd6 29.Rxa4 Rc8
30.Ra7 h6 31.Bxe4 fxe4 32.c5 bxc5 33.Qb8 Qf8 34.Ra8 Ra6 35.Qb3+ Kh7 36.Rxa6  1-0

[Event "It A"]
[Site "Paretana ESP"]
[Date "1999.12.29"]
[Round "3"]
[White "Skembris,S"]
[Black "Vehi Bach,V"]
[Result "1-0"]
[WhiteElo "2477"]
[BlackElo "2389"]

1.d4 Nf6 2.c4 e6 3.Nf3 Bb4+ 4.Bd2 a5 5.g3 d5 6.Qc2 Nc6 7.Bg2 Ne4 8.O-O O-O
9.Rd1 Be7 10.Nc3 f5 11.Be3 Bf6 12.Rac1 Ne7 13.Ne5 c6 14.Nxe4 fxe4 15.Ng4 Nf5
16.Nxf6+ Qxf6 17.Qd2 Nd6 18.b3 Bd7 19.f3 exf3 20.exf3 a4 21.Bg5 Qf7 22.c5 Nb5
23.b4 Na3 24.Bf4 Nc4 25.Qc3 Qf5 26.Re1 g5 27.Be5 h6 28.Rc2 Be8 29.g4 Qg6
30.Bg3 Qf6 31.Rf2 Bg6 32.Bf1 Rae8 33.Bxc4 dxc4 34.Qxc4 Qd8 35.Rxe6 Bf7 36.Rxe8 Rxe8
37.Qc1 Qd5 38.Be5 Bg6 39.Qe3 Kh7 40.f4 gxf4 41.Qxf4 Qe6 42.h4  1-0

[Event "It A"]
[Site "Paretana ESP"]
[Date "1999.12.30"]
[Round "4"]
[White "Lopez Martinez,J"]
[Black "Garcia Ilundain,D"]
[Result "1/2-1/2"]
[WhiteElo "2378"]
[BlackElo "2510"]

1.d4 Nf6 2.c4 e6 3.Nf3 Bb4+ 4.Bd2 a5 5.g3 b6 6.Bg2 Bb7 7.O-O O-O 8.Bg5 Be7
9.Nc3 Ne4 10.Bxe7 Qxe7 11.Nxe4 Bxe4 12.Ne1 Bxg2 13.Nxg2 d6 14.Qd3 Nd7 15.Rad1 Rad8
16.b3 c5 17.dxc5 Nxc5 18.Qd4 d5 19.Ne3 dxc4 20.Qxc4 Rxd1 21.Rxd1 Rd8 22.Rxd8+ Qxd8
23.Qb5 h5 24.Kg2 h4 25.Nc4  1/2-1/2

[Event "FASGBA Superior"]
[Site "ARG"]
[Date "1999.??.??"]
[Round "8"]
[White "Nedilsky, Diego"]
[Black "Peralta, Fernando"]
[Result "0-1"]
[WhiteElo "2330"]
[BlackElo "2430"]

1.d4 Nf6 2.c4 e6 3.Nf3 Bb4+ 4.Bd2 c5 5.Bxb4 cxb4 6.g3 O-O 7.Bg2 d6 8.Nbd2 Qc7
9.a3 bxa3 10.Rxa3 b6 11.O-O Bb7 12.Qc2 a5 13.Qb3 Na6 14.Raa1 Rac8 15.Rac1 Nb4
16.Qa3 Rfd8 17.Rfd1 h6 18.Nf1 Be4 19.Ne3 Qb7 20.b3 Rc7 21.Ne1 Bxg2 22.N1xg2 Rdc8
23.Nf4 Ne4 24.f3 Nf6 25.Kf2 d5 26.Nd3 Nxd3+ 27.Rxd3 Rc6 28.Rdc3 Qc7 29.b4 axb4
30.Qxb4 Qd8 31.c5 Qe7 32.Qb5 Nd7 33.Nd1  0-1

[Event "Aviles op"]
[Site "Aviles"]
[Date "1999.??.??"]
[Round "7"]
[White "Andres Gonzalez, Alberto"]
[Black "Horvath, Adam"]
[Result "1-0"]
[WhiteElo "2258"]
[BlackElo "2437"]

1.d4 Nf6 2.c4 e6 3.Nf3 Bb4+ 4.Bd2 Qe7 5.a3 Bxd2+ 6.Nbxd2 d6 7.Qc2 e5 8.e3 O-O
9.Bd3 exd4 10.Nxd4 Nbd7 11.Ne4 Nxe4 12.Bxe4 g6 13.O-O Ne5 14.Qc3 c6 15.Bc2 f5
16.Rae1 c5 17.Ne2 Be6 18.b3 Rad8 19.f4 Nc6 20.e4 Qf6 21.exf5 Qxc3 22.Nxc3 Bxf5
23.Bxf5 gxf5 24.Nd5 Kf7 25.Rf3 Rde8 26.Rxe8 Kxe8 27.Rh3 Rf7 28.Kf2 Nd4 29.b4 Kf8
30.Ke3 Rg7 31.g3 b5 32.Kd3 a5 33.Rh6 axb4 34.axb4 Ra7 35.cxb5 Nxb5 36.bxc5 Kg7
37.Rh5 dxc5 38.Rg5+ Kh6 39.Nf6 c4+ 40.Kxc4 Nd6+ 41.Kd5 Ra8 42.Ng8+ Rxg8 43.Rxg8 Ne4
44.Ke5  1-0

[Event "Bagneux"]
[Site "Bagneux"]
[Date "1999.??.??"]
[Round "7"]
[White "Sinkovics, Peter"]
[Black "Borne, Niels"]
[Result "1/2-1/2"]
[WhiteElo "2310"]
[BlackElo "2310"]

1.d4 Nf6 2.c4 e6 3.Nf3 Bb4+ 4.Bd2 Qe7 5.g3 Nc6 6.Bg2 Bxd2+ 7.Nbxd2 d6 8.O-O a5
9.e4 e5 10.d5 Nb8 11.Ne1 h5 12.h4 O-O 13.Nd3 Na6 14.Qe2 Bg4 15.Qe3 Rfe8 16.b3 Nc5
17.a3 Nxd3 18.Qxd3 c5 19.Nb1 Bd7 20.Nc3 g6 21.Rab1 Kg7 22.b4 axb4 23.axb4 b6
24.bxc5 bxc5 25.Rb6 Reb8 26.Rbb1 Rxb1 27.Rxb1 Qd8 28.Bf1 Ra3 29.Qc2 Qa5 30.Rc1 Qb4
31.Be2 Rb3 32.Bd1 Rb2 33.Qd3 Qa3 34.Bc2 Rb3 35.Bxb3 Qxc1+ 36.Bd1 Ng4 37.Qc2 Qa1
38.Qb3 Qc1 39.Kg2 Nf6 40.Qc2 Qa1 41.Qd2 Qa5 42.Qb2 Kf8 43.f4 Qb4 44.Qxb4 cxb4
45.fxe5 dxe5 46.Na2 Nxe4 47.Nxb4 Ke7 48.Bc2 Nc5 49.Kf2 Kd6 50.Ke3 Bh3 51.Kd2 Bf5
52.Ke3 Bh3 53.Kd2 Bf5 54.Ke3 Na6 55.Nxa6 Bxc2 56.Kd2 Bf5 57.Kc3 Bc8 58.Nb4 f6
59.Nc2 Kc5 60.Na1 g5 61.Nb3+ Kd6 62.Nd2 Bf5 63.Kb4 gxh4 64.gxh4 Bd3 65.Nb3 f5
66.Nc5 Be2 67.Ne6 Bg4 68.Ng5 e4 69.Nf7+ Ke7 70.Ne5 Kd6 71.Ng6 f4 72.Nxf4 Ke5
73.Ng2 Kd4 74.d6 e3 75.c5 Bd7 76.Nf4 Ke5 77.Ne2 Kd5 78.Nc3+ Kd4 79.Ne2+ Kd5
80.Nc1 Kd4 81.Ne2+ Kd5  1/2-1/2

[Event "ATL-ch"]
[Site "Barranquilla"]
[Date "1999.??.??"]
[Round "4"]
[White "Rincon, Nelson"]
[Black "Mendoza, Rafael"]
[Result "1/2-1/2"]
[WhiteElo "2060"]
[BlackElo "2355"]

1.d4 Nf6 2.c4 e6 3.Nf3 Bb4+ 4.Bd2 Qe7 5.e3 O-O 6.Bxb4 Qxb4+ 7.Qd2 Qxd2+ 8.Nbxd2 d6
9.Bd3 a6 10.O-O Nbd7 11.e4 e5 12.dxe5 Nxe5 13.Nxe5 dxe5 14.Rad1 Bg4 15.f3 Be6
16.Be2 Rfd8  1/2-1/2

[Event "Regionalliga SW9899"]
[Site "Bayern"]
[Date "1999.??.??"]
[Round "?"]
[White "Maugg, Ludwig"]
[Black "Weinberger, Wolfgang"]
[Result "1/2-1/2"]
[WhiteElo "2115"]
[BlackElo "2090"]

1.d4 Nf6 2.c4 e6 3.Nf3 Bb4+ 4.Bd2 Qe7 5.g3 O-O 6.Bg2 Bxd2+ 7.Qxd2 Ne4 8.Qc2 f5
9.O-O d6 10.Nc3 Nxc3 11.Qxc3 Nd7 12.Rfe1 e5 13.e4 f4 14.b4 exd4 15.Qxd4 Ne5
16.Nxe5 dxe5 17.Qc3 Qf6 18.Rad1 Be6 19.a3 Rad8 20.c5 h5 21.Rd2 Rxd2 22.Qxd2 f3
23.Bf1 Rd8 24.Qc3 Rd4 25.Re3 Rd1 26.Rxf3 Qg5  1/2-1/2

[Event "Regionalliga SO9899"]
[Site "Bayern"]
[Date "1999.??.??"]
[Round "?"]
[White "Gibis, Reinhard"]
[Black "Tauber, Rainer"]
[Result "0-1"]
[WhiteElo "1970"]
[BlackElo "1975"]

1.d4 Nf6 2.Nf3 e6 3.c4 Bb4+ 4.Bd2 Qe7 5.Nc3 O-O 6.g3 d6 7.Bg2 e5 8.dxe5 dxe5
9.a3 Bxc3 10.Bxc3 Nc6 11.O-O Rd8 12.Qc2 Nd4 13.Bxd4 exd4 14.Rfd1 c5 15.b4 Bg4
16.bxc5 Qxc5 17.Qb2 Bxf3 18.Bxf3 Rd7 19.Rac1 Rad8 20.Rd3 b6 21.Qb3 Qf5 22.Rcd1 h6
23.Qb5 Qc5 24.Qxc5 bxc5 25.Rb3 Rc7 26.Kf1 Kf8 27.Bg2 Ng4 28.h3 Ne5 29.Bd5 Nd7
30.Be4 Ke7 31.f4 g6 32.g4 f5 33.gxf5 gxf5 34.Bxf5 Rf8 35.e4 Nb6 36.Rc1 Nc8
37.Rg3 Nd6 38.Rg7+ Kd8 39.Rxc7 Kxc7 40.Ke2 Nxf5 41.exf5 Rxf5 42.Kf3 Rf6 43.Rg1 Ra6
44.f5 Rxa3+ 45.Kf4 Kd7 46.Ke5 Re3+ 47.Kf6 d3 48.h4 d2 49.Rd1 Rd3 50.Kg7 Ke8
51.Kxh6 Kf7 52.Kg5 a5 53.h5 a4 54.h6 a3 55.f6 a2 56.h7 Rh3 57.Rxd2 a1=Q 58.Rd7+ Ke6
59.Re7+ Kd6  0-1

[Event "Budapest FS07 Elo"]
[Site "Budapest"]
[Date "1999.??.??"]
[Round "4"]
[White "Nemeth, Maria"]
[Black "Merenyi, Gabor"]
[Result "1-0"]
[WhiteElo "2095"]
[BlackElo "2105"]

1.d4 Nf6 2.c4 e6 3.Nf3 Bb4+ 4.Bd2 Qe7 5.g3 b6 6.Bg2 Bb7 7.O-O O-O 8.Bf4 d5
9.c5 bxc5 10.a3 Ba5 11.dxc5 Qxc5 12.b4 Qb6 13.Nbd2 c5 14.bxa5 Qxa5 15.Rb1 Bc6
16.Bd6 Ba4 17.Qc1 Rc8 18.Ne5 Nc6 19.Nxc6 Rxc6 20.Be5 Rd8 21.e4 c4 22.Bc3 Qc5
23.exd5 exd5 24.Rb4 Ra6 25.Bxf6 gxf6 26.Nf3 Qa5 27.Qf4 Bc2 28.Nd4 Bd3 29.Nf5 Bxf5
30.Qxf5 Qxa3 31.Rb5 Qd3 32.Qxd3 cxd3 33.Rb3 d4 34.Rxd3 Ra4 35.Be4 Ra5 36.g4 h5
37.h3 hxg4 38.hxg4 Kf8 39.Rfd1 Ra4 40.Kg2 Ke7 41.Rb1 Rd7 42.Bc6  1-0

[Event "Cannes op"]
[Site "Cannes"]
[Date "1999.??.??"]
[Round "3"]
[White "Relange, Eloi"]
[Black "Kluss, Kai"]
[Result "1-0"]
[WhiteElo "2478"]
[BlackElo "2167"]

1.d4 Nf6 2.Nf3 e6 3.c4 Bb4+ 4.Bd2 Qe7 5.g3 Nc6 6.Bg2 Bxd2+ 7.Nbxd2 d6 8.O-O e5
9.d5 Nb8 10.Ne1 a5 11.e4 h5 12.h4 O-O 13.Nd3 Na6 14.b3 Nb4 15.Nb2 c5 16.Nb1 g6
17.Qd2 Bd7 18.Nc3 Na6 19.Nb5 Ne8 20.Qxa5 g5 21.hxg5 Qxg5 22.Qc3 f5 23.f4 Qg7
24.fxe5 Qxe5 25.Qxe5 dxe5 26.exf5 Bxb5 27.cxb5 Nb4 28.Nc4 Rxa2 29.d6 b6 30.Rxa2 Nxa2
31.d7 Nc7 32.Nxe5 Rd8 33.f6  1-0

[Event "Cannes"]
[Site "Cannes"]
[Date "1999.??.??"]
[Round "4"]
[White "Tkachiev, Vladislav"]
[Black "Chabanon, Jean Luc"]
[Result "1/2-1/2"]
[WhiteElo "2634"]
[BlackElo "2468"]

1.d4 Nf6 2.c4 e6 3.Nf3 Bb4+ 4.Bd2 Qe7 5.g3 Nc6 6.Nc3 Bxc3 7.Bxc3 Ne4 8.Rc1 d6
9.d5 Nxc3 10.Rxc3 Nd8 11.Bg2 O-O 12.O-O a5 13.Nd2 e5 14.c5 dxc5 15.Nb3 a4
16.Nxc5 Ra5 17.Nxa4 b5 18.Nc5 b4 19.Nb3 Rxa2 20.d6 Qf6 21.Rxc7 Be6 22.Nc5 Rxb2
23.Qd3 Qh6 24.Qe4 Rd2 25.Qxb4 Rxd6 26.Nd3 Rd4 27.Qc5 f6 28.Qe7 Rf7 29.Qe8+ Rf8
30.Qe7 Rf7 31.Qe8+ Rf8  1/2-1/2

[Event "Cannes"]
[Site "Cannes"]
[Date "1999.??.??"]
[Round "6"]
[White "Kazhgaleyev, Murtas"]
[Black "Izeta Txabarri, Felix"]
[Result "1-0"]
[WhiteElo "2547"]
[BlackElo "2516"]

1.d4 Nf6 2.Nf3 e6 3.c4 Bb4+ 4.Bd2 Qe7 5.g3 Nc6 6.Nc3 Bxc3 7.Bxc3 Ne4 8.Rc1 d6
9.d5 Nxc3 10.Rxc3 Nd8 11.Bg2 O-O 12.O-O e5 13.Nd2 f5 14.c5 Nf7 15.cxd6 cxd6
16.Qb3 b6 17.Qa3 e4 18.Rfc1 Bd7 19.Nb3 Ne5 20.Nd4 Rfc8 21.Rxc8+ Rxc8 22.Rxc8+ Bxc8
23.Nb5 a5 24.Qxd6 Qxd6 25.Nxd6 Bd7 26.f4 Ng4 27.Bh3 Ne3 28.Nxe4 Nxd5 29.Nc3 Nxc3
30.bxc3 Bb5 31.Kf2 g6 32.g4 fxg4 33.Bxg4 Kf7 34.e4 h6 35.Ke3 Ke7 36.h4 Bc4
37.a3 Bf7 38.Kd4 Kd6 39.e5+ Ke7 40.Bf3 Be6 41.Be4 Bf7 42.Bd5 Be8 43.c4 Ba4
44.Be4 Be8 45.Bd5 Kd7 46.c5 bxc5+ 47.Kxc5 Kc7 48.Be4 Bf7 49.Kb5  1-0

[Event "Ceske Budejovice op"]
[Site "Ceske Budejovice"]
[Date "1999.??.??"]
[Round "1"]
[White "Hasek, Vaclav"]
[Black "Orsag, Milan"]
[Result "0-1"]
[WhiteElo "2145"]
[BlackElo "2405"]

1.Nf3 Nf6 2.d4 e6 3.c4 Bb4+ 4.Bd2 Qe7 5.a3 Bxd2+ 6.Nbxd2 d6 7.e4 e5 8.d5 O-O
9.Be2 a5 10.b4 Na6 11.Rb1 c6 12.O-O g6 13.Ne1 Bd7 14.Nd3 Nc7 15.bxa5 Rfb8
16.Rb6 cxd5 17.cxd5 Rxa5 18.Nc4 Ra6 19.f3 Nb5 20.Qb1 Rxb6 21.Nxb6 Nd4 22.Rf2 Bb5
23.Nc1 Qc7 24.a4 Qxb6 25.Bxb5 Rc8 26.Nd3 Rc3 27.Kh1 Nxb5 28.Rb2 Qe3 29.Rxb5 Qxd3  0-1

[Event "CZE-chT2V 9899"]
[Site "CZE"]
[Date "1999.??.??"]
[Round "?"]
[White "Necada, Martin"]
[Black "Zahorbensky, Jaroslav"]
[Result "1/2-1/2"]
[WhiteElo "2175"]
[BlackElo "2160"]

1.d4 Nf6 2.Nf3 e6 3.c4 Bb4+ 4.Bd2 Bxd2+ 5.Qxd2 b6 6.g3 Bb7 7.Bg2 d6 8.Nc3 Nbd7
9.O-O O-O 10.Qc2 Qe7 11.e4 c5 12.d5 e5 13.Ne1 Ng4 14.Bh3 Ndf6 15.Nd3 Bc8
16.Qe2 Nh6 17.Bxc8 Raxc8 18.f4 Nd7 19.f5 a6 20.a4 a5 21.Nb5 f6 22.h4 g6 23.g4 Kh8
24.Kh1 Rg8 25.Rg1 Nf7 26.Raf1 g5  1/2-1/2

[Event "CZE-chT 9899"]
[Site "CZE"]
[Date "1999.??.??"]
[Round "8"]
[White "Jirovsky, Pavel"]
[Black "Voloshin, Leonid"]
[Result "1/2-1/2"]
[WhiteElo "2395"]
[BlackElo "2420"]

1.d4 Nf6 2.Nf3 e6 3.c4 Bb4+ 4.Bd2 c5 5.Bxb4 cxb4 6.g3 O-O 7.Bg2 d6 8.O-O a5
9.a3 Na6 10.Nbd2 Qc7 11.Rc1 b6 12.e3 Bb7 13.Ne1 Bxg2  1/2-1/2

[Event "Eger Agria op"]
[Site "Eger"]
[Date "1999.??.??"]
[Round "?"]
[White "Horvath, Julia"]
[Black "Neverov, Anatoly"]
[Result "1/2-1/2"]
[WhiteElo "2260"]
[BlackElo "2395"]

1.d4 Nf6 2.c4 e6 3.Nf3 Bb4+ 4.Bd2 a5 5.g3 d6 6.Bg2 Nbd7 7.O-O e5 8.e3 Bxd2
9.Qxd2 O-O 10.Nc3 c6 11.Qc2 Re8 12.Rfd1 Qc7 13.Rac1 Rb8 14.Rd2 h6 15.h3 Nf8  1/2-1/2

[Event "Cataluna Club op"]
[Site "ESP"]
[Date "1999.??.??"]
[Round "?"]
[White "Guerrero Pau, Xavier"]
[Black "Cotes Martinez, Joan"]
[Result "1-0"]
[WhiteElo "1945"]
[BlackElo "1875"]

1.d4 Nf6 2.Nf3 e6 3.c4 Bb4+ 4.Bd2 Qe7 5.a3 Bxd2+ 6.Nbxd2 d5 7.e3 Nbd7 8.Be2 O-O
9.O-O b6 10.b4 c5 11.dxc5 bxc5 12.b5 Bb7 13.a4 dxc4 14.Nxc4 Bd5 15.Nce5 Nxe5
16.Nxe5 Qc7 17.Nc4 Rfd8 18.Qc1 Rd7 19.Rd1 Rad8 20.Qb2 Bxc4 21.Rxd7 Rxd7 22.Bxc4 Ng4
23.g3 Ne5 24.Bf1 Nf3+ 25.Kg2 Qb7 26.e4 Qxe4 27.Qe2 Nd4+ 28.Qxe4  1-0

[Event "Cataluna Club op"]
[Site "ESP"]
[Date "1999.??.??"]
[Round "?"]
[White "Serrano Pertinez, Miguel"]
[Black "Espuny Vinye, Ramon"]
[Result "1-0"]
[WhiteElo "2210"]
[BlackElo "2065"]

1.d4 e6 2.Nf3 Nf6 3.c4 Bb4+ 4.Bd2 Bxd2+ 5.Qxd2 O-O 6.Nc3 d5 7.e3 Nbd7 8.g4 Ne4
9.Qc2 Nxc3 10.Qxc3 c6 11.Rg1 Qf6 12.Rg3 Re8 13.g5 Qe7 14.Bd3 e5 15.dxe5 Nxe5
16.Nxe5 Qxe5 17.Qxe5 Rxe5 18.f4 Re7 19.cxd5 cxd5 20.O-O-O Bd7 21.Bc2 Bc6
22.Rd4 Rae8 23.Kd2 a5 24.Rh3 h6 25.gxh6 gxh6 26.f5 f6 27.Rdh4 Rh7 28.Rxh6 Rxh6
29.Rxh6 Kg7 30.Rg6+ Kf7 31.h4 Rh8 32.Rg4 Ke7 33.Kc3 Bd7 34.Kd4 Kd6 35.Bd3 Rh5
36.Rf4 b6 37.Be2 Rxf5 38.h5 Rxf4+ 39.exf4 Be8 40.h6 Bg6 41.Bf3 Bh7 42.Bxd5 f5
43.a4  1-0

[Event "Tres Peons op"]
[Site "ESP"]
[Date "1999.??.??"]
[Round "4"]
[White "Daguro Dasalla, A."]
[Black "Malsch, U."]
[Result "1/2-1/2"]
[WhiteElo "2045"]
[BlackElo "1975"]

1.d4 Nf6 2.c4 e6 3.Nf3 Bb4+ 4.Bd2 Qe7 5.a3 Bxd2+ 6.Nbxd2 d6 7.e3 Nc6 8.Bd3 a5
9.O-O O-O 10.Re1 e5 11.Qc2 Bg4 12.Ng5 h6 13.Nh7 Nxh7 14.Bxh7+ Kh8 15.Bf5 Bxf5
16.Qxf5 Rfe8 17.d5 Nb8 18.b4 Qd7 19.Qh5 Kg8 20.e4 Qa4 21.Qh3 axb4 22.axb4 Qxa1
23.Rxa1 Rxa1+ 24.Nf1 Ra8 25.g4 Na6 26.Qc3 Nb8 27.Qh3 Rd8 28.c5 Nd7 29.Qe3 Nf6
30.h3 b6 31.Ng3 Ra1+ 32.Kg2 bxc5 33.bxc5 Rda8 34.cxd6 cxd6 35.Qb6 R1a6 36.Qb7 Ra4
37.Qc6 R4a6 38.Qc1 Ra1  1/2-1/2

[Event "Cataluna-chT"]
[Site "ESP"]
[Date "1999.??.??"]
[Round "7"]
[White "Piqueres Pla, E."]
[Black "Delis Ramos, FM."]
[Result "1-0"]
[WhiteElo "2265"]
[BlackElo "2170"]

1.d4 Nf6 2.c4 e6 3.Nf3 Bb4+ 4.Bd2 a5 5.g3 b6 6.Bg2 Bb7 7.O-O O-O 8.Nc3 Ne4
9.Qc2 f5 10.Ne1 Nxd2 11.Qxd2 Bxg2 12.Nxg2 Qf6 13.Rad1 Nc6 14.Qd3 Bxc3 15.Qxc3 Rad8
16.Rd2 e5 17.d5 Ne7 18.c5 d6 19.cxb6 cxb6 20.Qb3 Rb8 21.Rc2 f4 22.gxf4 exf4
23.Rc4 f3 24.exf3 Qxf3 25.Qxf3 Rxf3 26.Ne3 Nf5 27.Rc6 Nxe3 28.fxe3 Rxe3 29.Rxd6 Re2
30.Rf2 Rxf2 31.Kxf2 Kf7 32.Kf3 Ke7 33.Re6+ Kf7 34.Ke4 b5 35.Ke5 Rc8 36.Rb6 b4
37.Rb7+ Kg6 38.d6 Rc2 39.d7 Re2+ 40.Kd6 Rd2+ 41.Kc7 Rc2+ 42.Kb8 Rd2 43.Kc8  1-0

[Event "Cataluna-chT"]
[Site "ESP"]
[Date "1999.??.??"]
[Round "8"]
[White "Hernando Rodrigo, Julio Ant"]
[Black "Perez Lopez, Jesus Maria"]
[Result "1-0"]
[WhiteElo "2340"]
[BlackElo "2270"]

1.d4 Nf6 2.c4 e6 3.Nf3 Bb4+ 4.Bd2 Qe7 5.e3 Bxd2+ 6.Qxd2 O-O 7.Nc3 d6 8.e4 e5
9.dxe5 dxe5 10.Nd5 Nxd5 11.cxd5 Bg4 12.Rc1 Bxf3 13.gxf3 Rd8 14.Bc4 Nc6 15.Rc3 Nd4
16.Rg1 Rd6 17.f4 Rg6 18.Rxg6 hxg6 19.Rd3 Qh4 20.fxe5 Qxe4+ 21.Kd1 Nf3 22.Qe3 Qxc4
23.Qxf3 Qxa2 24.Kc2 Qa4+ 25.Kb1 Re8 26.Re3 Qd4 27.Rd3 Qb4 28.Qe3 Qc4 29.f4 Qb5
30.Qd2 a5 31.Rc3 Qb6 32.Qc1 Qd4 33.Rc5 Rd8 34.Rxc7 Qd3+ 35.Ka2 Qxd5+ 36.Ka1 a4
37.Rc4 Qd1 38.Ka2 Qb3+ 39.Ka1  1-0

[Event "FIN-chT9899"]
[Site "FIN"]
[Date "1999.??.??"]
[Round "7"]
[White "Koskinen, Henri"]
[Black "Haapasalo, Jukka Pekka"]
[Result "1-0"]
[WhiteElo "2312"]
[BlackElo "2249"]

1.d4 Nf6 2.c4 e6 3.Nf3 Bb4+ 4.Bd2 Qe7 5.g3 Nc6 6.Nc3 Bxc3 7.Bxc3 Ne4 8.Rc1 O-O
9.Bg2 d6 10.d5 Nd8 11.O-O a5 12.Nd2 Nxc3 13.Rxc3 Rb8 14.a3 Bd7 15.b4 axb4
16.axb4 b5 17.cxb5 Bxb5 18.Qc1 Rc8 19.Nc4 exd5 20.Nb6 Rb8 21.Nxd5 Qxe2 22.Re1 Qh5
23.g4 Qh6 24.g5 Qh5 25.Rh3  1-0

[Event "Oberliga Ost B9899"]
[Site "GER"]
[Date "1999.??.??"]
[Round "?"]
[White "Vidoniak, Roman"]
[Black "Taimanov, Mark E"]
[Result "1-0"]
[WhiteElo "2425"]
[BlackElo "2455"]

1.d4 Nf6 2.c4 e6 3.Nf3 Bb4+ 4.Bd2 a5 5.g3 d5 6.Qc2 Nc6 7.a3 Be7 8.Bg2 O-O
9.O-O Bd7 10.Rd1 Qb8 11.cxd5 exd5 12.Nc3 Be6 13.Bf4 Nh5 14.Ng5 Bxg5 15.Bxg5 h6
16.Bc1 Ne7 17.e4 dxe4 18.Qxe4 c6 19.Bxh6 Nxg3 20.hxg3 gxh6 21.Qh4 Nf5 22.Qh5 Qd8
23.d5 cxd5 24.Nxd5 Qg5 25.Qxg5+ hxg5 26.Nf6+ Kg7 27.Ne4 Rad8 28.Nxg5 Bb3
29.Rxd8 Rxd8 30.Nf3 b6 31.Rc1 Rd6 32.Bf1 Nd4 33.Rc3 Nxf3+ 34.Rxf3 a4 35.Rd3 Rc6
36.Rd2 Rc5 37.f4 Kf6 38.Kf2 Ke7 39.Bd3 Rc1 40.Bb5 Rc5 41.Be2 Rc1 42.g4 f6
43.Bf3 Be6 44.Bd1 Bd7 45.Ke3 Rc8 46.Rd4 b5 47.Be2 Rc2 48.Rb4 Rc5 49.Re4+ Kd6
50.Rd4+ Ke7 51.Rb4 Kd6 52.Kf3 Rd5 53.Ke4 Rc5 54.Kd3 Rc1 55.Kd2 Rc5 56.Bf3 Ke7
57.Re4+ Kd6 58.Rd4+ Ke7 59.Be2 Bc6 60.Rd3 Bd7 61.Rc3 Rd5+ 62.Ke3 Rd6 63.Rd3 Rb6
64.Rd4 Rb8 65.g5 fxg5 66.fxg5 Rg8 67.Rd5 Bc6 68.Rf5 Bd7 69.Re5+ Kd6 70.Kd4 Rb8
71.g6 b4 72.Bc4 bxa3 73.bxa3 Rb1 74.Rd5+ Kc6 75.g7 Rd1+ 76.Ke3 Rg1 77.Rxd7 Kxd7
78.g8=Q Rxg8 79.Bxg8  1-0

[Event "Oberliga Nord O9899"]
[Site "GER"]
[Date "1999.??.??"]
[Round "?"]
[White "Barth, Rainer"]
[Black "Lieb, Harald"]
[Result "1-0"]
[WhiteElo "2265"]
[BlackElo "2230"]

1.d4 Nf6 2.c4 e6 3.Nf3 Bb4+ 4.Bd2 Qe7 5.g3 O-O 6.Bg2 Bxd2+ 7.Qxd2 d6 8.Nc3 e5
9.O-O Nc6 10.Rad1 Bg4 11.dxe5 dxe5 12.Nd5 Nxd5 13.cxd5 Bxf3 14.exf3 Nd8 15.f4 f6
16.fxe5 Qxe5 17.Qb4 a5 18.Qb3 Qd6 19.Rc1 b6 20.Rfe1 Rc8 21.h4 Kh8 22.h5 h6
23.Qc2 Qd7 24.Qg6 Nb7 25.Re6 Nd6 26.Rce1 Rce8 27.Bf1 Rxe6 28.Rxe6 Qf7 29.Bd3 f5
30.f4 Kg8 31.Kh2 Qxg6 32.hxg6 Rf6 33.Re7 Rxg6 34.Rxc7 Rf6 35.Rd7 Kf8 36.Kg2 g5
37.Kf3 Ke8 38.Rh7 Nf7 39.Ke3 Ke7 40.Kd4 Kd6 41.Rg7 Ke7 42.Rg8 gxf4 43.gxf4 h5
44.Bb5 Rh6 45.Re8+ Kd6 46.Ra8 Ke7 47.Ra7+ Kf8 48.Bf1 Rf6 49.Rc7 h4 50.Bh3 Ke8
51.b3 Kd8 52.Ra7 Ke8 53.a3 Kf8 54.b4 axb4 55.axb4 Ke8 56.Ra1 Kd7 57.Rh1 Ke7
58.Re1+ Kd7 59.Re3 Nd6 60.Bf1 Rg6 61.Rh3 Rg1 62.Bd3 Rg4 63.Ke5 Rg3 64.Rxh4 Rxd3
65.Rh7+ Ke8 66.Kxd6 Rb3 67.Ke6 Re3+ 68.Kxf5 Rb3 69.Ke6 Re3+ 70.Kd6 Rb3 71.Re7+ Kd8
72.Rb7  1-0

[Event "NRW-Liga I 9899"]
[Site "GER"]
[Date "1999.??.??"]
[Round "6"]
[White "Plass, Burckhard"]
[Black "Jagodzinski, Andreas"]
[Result "0-1"]
[WhiteElo "1910"]
[BlackElo "2215"]

1.d4 e6 2.c4 Nf6 3.Nf3 Bb4+ 4.Bd2 Qe7 5.a3 Bxd2+ 6.Qxd2 d6 7.Nc3 O-O 8.g3 b6
9.Bg2 Bb7 10.O-O Nbd7 11.Rae1 Ne4 12.Nxe4 Bxe4 13.Ng5 Bxg2 14.Kxg2 c5 15.Nf3 Rac8
16.d5 e5 17.e4 a6 18.Nh4 g6 19.Qh6 Qf6 20.Qd2 b5 21.cxb5 axb5 22.Kg1 c4 23.Ng2 Nc5
24.f4 Nd3 25.Re2 exf4 26.Nxf4 Qd4+ 27.Kh1 Rfe8 28.e5 Rxe5 29.Qc3 Qxc3 30.bxc3 Rf5
31.Rb1 Nxf4 32.gxf4 Rxd5 33.Reb2 Ra8 34.Ra2 Ra5 35.Rb4 Rd3 36.a4 Rd5  0-1

[Event "SWZ-ch"]
[Site "Graechen"]
[Date "1999.??.??"]
[Round "?"]
[White "Nemet, Ivan"]
[Black "Nueesch, G."]
[Result "0-1"]
[WhiteElo "2422"]
[BlackElo "2191"]

1.d4 Nf6 2.Nf3 e6 3.c4 Bb4+ 4.Bd2 Qe7 5.g3 b6 6.Bg2 Bb7 7.O-O Bxd2 8.Nbxd2 O-O
9.Qc2 d6 10.e4 e5 11.Rfe1 a5 12.Rad1 Nc6 13.d5 Nb4 14.Qb1 a4 15.Nf1 Bc8 16.Nh4 Re8
17.Nf5 Qf8 18.N1e3 Nd7 19.Rd2 Nc5 20.Nd1 g6 21.Nh4 f5 22.Nc3 f4 23.Qd1 Qh6
24.Bf1 Rf8 25.f3 Qg5 26.Kg2 Rf7 27.Rf2 Bd7 28.Qd2 Qh5 29.Kg1 Kh8 30.Be2 Bh3
31.Rb1 Qg5 32.Ng2 h6 33.Kh1 fxg3 34.Qxg5 hxg5 35.hxg3 Rh7 36.Ne3 g4 37.Kg1 gxf3
38.Rxf3 Kg7 39.Bf1 Rah8 40.Be2 Bd7 41.Nf1 Rh1+ 42.Kg2 Nc2 43.b4 axb3 44.axb3 Nd4
45.b4 Nxe4 46.Nxe4 Nxe2 47.Ng5 Bf5 48.Ne6+ Kg8 49.Ra1 R8h2+ 50.Nxh2 Rxa1
51.Rf2 Rg1+ 52.Kf3 Nxg3 53.Ra2 Ne4 54.Nxc7 Rg3+  0-1